Catálogo

Youcat español : (Registro nro. 58895)

Detalles MARC
000 -LEADER
fixed length control field 01072cam a2200301 i 4500
001 - CONTROL NUMBER
control field 58895
003 - CONTROL NUMBER IDENTIFIER
control field Mx-PuUPA
005 - DATE AND TIME OF LATEST TRANSACTION
control field 20240410104055.0
008 - FIXED-LENGTH DATA ELEMENTS--GENERAL INFORMATION
fixed length control field 140415s2011 sp a r 000 0 spa d
020 ## - INTERNATIONAL STANDARD BOOK NUMBER
International Standard Book Number 9788499201160
040 ## - CATALOGING SOURCE
Original cataloging agency MX-PuUPA
Language of cataloging spa
Description conventions rda
Transcribing agency Mx-PuUPA
Modifying agency Mx-PuUPA
041 0# - LANGUAGE CODE
Language code of text/sound track or separate title spa
130 1# - MAIN ENTRY--UNIFORM TITLE
Uniform title Youcat.
245 10 - TITLE STATEMENT
Title Youcat español :
Remainder of title catecismo joven de la iglesia católica /
Statement of responsibility, etc. prólogo del papa Benedicto XVI ; traducción de Irene Szumlakowski.
250 ## - EDITION STATEMENT
Edition statement 10a. edición
264 #1 - PRODUCTION, PUBLICATION, DISTRIBUTION, MANUFACTURE, AND COPYRIGHT NOTICE
Place of production, publication, distribution, manufacture España :
Name of producer, publisher, distributor, manufacturer Ediciones Encuentro,
Date of production, publication, distribution, manufacture, or copyright notice 2011
300 ## - PHYSICAL DESCRIPTION
Extent 299 páginas :
Other physical details ilustraciones ;
Dimensions 21 cm.
336 ## - CONTENT TYPE
Content type term texto
Fuente rdacontent
Content type code txt
337 ## - MEDIA TYPE
Media type term sin medio
Source rdamedia
Media type code n
338 ## - CARRIER TYPE
Carrier type term volumen
Source rdacarrier
Carrier type code nc
650 #4 - SUBJECT ADDED ENTRY--TOPICAL TERM
Topical term or geographic name entry element Educación católica
General subdivision Iglesia católica
-- Catecismos
650 #4 - SUBJECT ADDED ENTRY--TOPICAL TERM
Topical term or geographic name entry element Iglesia católica
General subdivision Literatura juvenil
700 0# - ADDED ENTRY--PERSONAL NAME
Personal name Benedict,
Numeration XVI,
Titles and other words associated with a name Pope,
Dates associated with a name 1927-
Relator term prologuista
700 1# - ADDED ENTRY--PERSONAL NAME
Personal name Szumlakowski, Irene,
Relator term traductor
765 18 - ORIGINAL LANGUAGE ENTRY
Main entry heading Szumlakowski, Irene
Title Youcat.
942 ## - ADDED ENTRY ELEMENTS (KOHA)
Source of classification or shelving scheme Dewey Decimal Classification
Koha item type Libro
Classification part 238.2
Item part YOU
Existencias
Withdrawn status Lost status Source of classification or shelving scheme Damaged status Not for loan Collection code Home library Current library Shelving location Date acquired Source of acquisition Total Checkouts Full call number Barcode Date last seen Date last checked out Price effective from Koha item type Total Renewals
    Dewey Decimal Classification     General Angelópolis Angelópolis Sala general 28/10/2016 Compra   238.2 YOU 2011 830010     28/10/2016 Libro  
    Dewey Decimal Classification     General Biblioteca Karol Wojtyla Biblioteca Karol Wojtyla Sala general 03/12/2013 Compra   238.2 YOU 2011 89158 05/01/2026 14/03/2016 28/10/2016 Libro  
    Dewey Decimal Classification     General Biblioteca Karol Wojtyla Biblioteca Karol Wojtyla Sala general 03/12/2013 Compra 1 238.2 YOU 2011 89161 08/05/2026 27/09/2021 28/10/2016 Libro 1
    Dewey Decimal Classification     General Biblioteca Karol Wojtyla Biblioteca Karol Wojtyla Sala general 03/12/2013 Compra   238.2 YOU 2011 89159 18/03/2016 18/03/2016 28/10/2016 Libro  
    Dewey Decimal Classification     General Biblioteca Karol Wojtyla Biblioteca Karol Wojtyla Sala general 03/12/2013 Compra 1 238.2 YOU 2011 89160 26/01/2026 13/07/2021 28/10/2016 Libro  
    Dewey Decimal Classification     General Cholula Cholula Sala general 28/10/2016 Compra   238.2 YOU 2011 830001     28/10/2016 Libro  
    Dewey Decimal Classification     General Cholula Cholula Sala general 28/10/2016 Compra   238.2 YOU 2011 830005     28/10/2016 Libro  
    Dewey Decimal Classification     General Cholula Cholula Sala general 28/10/2016 Compra   238.2 YOU 2011 830002     28/10/2016 Libro  
    Dewey Decimal Classification     General Cholula Cholula Sala general 28/10/2016 Compra   238.2 YOU 2011 830003     28/10/2016 Libro  
    Dewey Decimal Classification     General Cholula Cholula Sala general 28/10/2016 Compra   238.2 YOU 2011 830007     28/10/2016 Libro  
    Dewey Decimal Classification     General Cholula Cholula Sala general 28/10/2016 Compra   238.2 YOU 2011 830004     28/10/2016 Libro  
    Dewey Decimal Classification     General Cholula Cholula Sala general 28/10/2016 Compra   238.2 YOU 2011 830009     28/10/2016 Libro  
    Dewey Decimal Classification     General Cholula Cholula Sala general 28/10/2016 Compra   238.2 YOU 2011 830008     28/10/2016 Libro  
    Dewey Decimal Classification     General Cholula Cholula Sala general 28/10/2016 Compra   238.2 YOU 2011 830006     28/10/2016 Libro